Oscar Wilde /

Bibliographic Details
Main Author: Jullian, Philippe (Author)
Format: Book
Language:French
Published: Paris : Librairie académique Perrin, [1967]
Subjects:

MARC

Tag First Indicator Second Indicator Subfields
LEADER 00000cam a22000001 4500
001 in00004562829
008 780526s1967 fr a b 001 0bfre
005 20220421131018.2
010 |a  67090982  
029 1 |a AU@  |b 000006570208 
035 |a (OCoLC)ocm03930332 
035 |a (OCoLC)3930332 
040 |a DLC  |b eng  |c TJC  |d DLC  |d B2Q  |d OCLCQ  |d OCLCG  |d UKTTE  |d OCLCQ  |d OCLCF  |d OCLCO  |d OCL  |d OCLCQ  |d OCLCA  |d DHA  |d CEF  |d TKN  |d OCLCQ  |d OCLCO  |d OCLCQ  |d OCL  |d OCLCO  |d TXA 
050 0 0 |a PR5823  |b .J8 1967 
082 0 4 |a 822.8  |b W67Yj 
100 1 |a Jullian, Philippe,  |e author. 
245 1 0 |a Oscar Wilde /  |c Philippe Jullian. 
264 1 |a Paris :  |b Librairie académique Perrin,  |c [1967] 
300 |a 407 pages :  |b illustrations ;  |c 21 cm 
336 |a text  |b txt  |2 rdacontent 
337 |a unmediated  |b n  |2 rdamedia 
338 |a volume  |b nc  |2 rdacarrier 
504 |a Includes bibliographical references (pages 393-396) and index. 
500 |a The Cushing Library/Women & Gender Studies copy was acquired as part of The Don Kelly Research Collection of Gay Literature and Culture.  |5 TXA 
500 |a Purchased for the Cushing Library/Women & Gender Studies collection by The Cushing Library. 
600 1 0 |a Wilde, Oscar,  |d 1854-1900. 
650 0 |a Authors, Irish  |y 19th century  |v Biography. 
600 1 6 |a Wilde, Oscar,  |d 1854-1900. 
650 6 |a Écrivains irlandais  |y 19e siècle  |v Biographies. 
600 1 7 |a Wilde, Oscar,  |d 1854-1900.  |2 fast  |0 (OCoLC)fst00033910 
650 7 |a Authors, Irish.  |2 fast  |0 (OCoLC)fst00822116 
648 7 |a 1800-1899  |2 fast 
655 7 |a Biographies.  |2 fast  |0 (OCoLC)fst01919896 
655 7 |a Biographies.  |2 lcgft 
776 0 8 |i Online version:  |a Jullian, Philippe.  |t Oscar Wilde.  |d Paris, Librairie académique Perrin [1967]  |w (OCoLC)610305528 
948 |h HELD BY TXA - 79 OTHER HOLDINGS 
994 |a Z0  |b TXA 
999 f f |s e8e1f6f3-4c6b-4349-afd3-b67e840b49b6  |i e8e1f6f3-4c6b-4349-afd3-b67e840b49b6  |t 0 
952 f f |p noncirc  |a Texas A&M University  |b College Station  |c Cushing Memorial Library & Archives  |d Cushing: Women & Gender Studies (Does not check out)  |t 0  |e PR5823 .J8 1967  |h Library of Congress classification  |i unmediated -- volume 
998 f f |a PR5823 .J8 1967  |t 0  |l Cushing: Women & Gender Studies (Does not check out)